Abuso sexual, incesto: diez años tocando heridas /
保存先:
| 第一著者: | |
|---|---|
| フォーマット: | テキスト |
| タグ: |
タグ追加
タグなし, このレコードへの初めてのタグを付けませんか!
|
MARC
| LEADER | 00000 a a2200000 04500 | ||
|---|---|---|---|
| 001 | 7176 | ||
| 003 | |||
| 040 | |||
| 100 | |a López Vigil, María | ||
| 245 | |a Abuso sexual, incesto: |b diez años tocando heridas / |c María López Vigil | ||
| 773 | |g volumen 20, número 234; páginas 19-35 | ||
| 999 | |c 26728 |d 26728 | ||
